| 000 | 01681cam a2200409 a 4500 | ||
|---|---|---|---|
| 001 | 3549 | ||
| 005 | 20250327100356.0 | ||
| 020 | _a9780439221122 | ||
| 020 | _a078073003990 | ||
| 040 |
_aDLC _cDLC _dDLC _beng |
||
| 050 | 0 | 0 | _aE185.97.K5 |
| 082 | 0 | 0 | _a323.092 |
| 100 | 1 | _aBaker, Courtney | |
| 245 | 1 | 0 |
_aLet's read about-- Martin Luther King, Jr. / _cby Courtney Baker ; illustrated by Cornelius Van Wright and Ying-Hwa Hu |
| 246 | 3 | 0 | _aLet's read about |
| 246 | 3 | 0 | _aMartin Luther King, Jr. |
| 250 | _aFirst printing , January 2001 | ||
| 260 |
_aNew York : _bScholastic, _c2001. |
||
| 300 |
_a32 unnumbered pages : _bcolor illustrations ; _c24 cm . |
||
| 490 | _a Scholastic First Biographies | ||
| 505 | _aN | ||
| 520 | _aMartin Luther King, Jr. grew up in the South and learned about racism. He became a leader and taught the world about equality. Follow his story and learn why we still celebrate a man and his dream today.-p.4 of cover. | ||
| 521 |
_a570
_bLexile |
||
| 521 |
_aN
_bRaz-Plus |
||
| 650 | 0 |
_aAfrican Americans _vBiography _vJuvenile literature. |
|
| 650 | 0 |
_aCivil rights workers _zUnited States _vBiography _vJuvenile literature. |
|
| 650 | 0 |
_aBaptists _zUnited States _xClergy _vBiography _vJuvenile literature. |
|
| 650 | 0 |
_aAfrican Americans _xCivil rights _xHistory _y20th century _vJuvenile literature. |
|
| 650 | 1 | _aCivil rights workers. | |
| 650 | 1 | _aClergy. | |
| 650 | 1 |
_aCivil rights movements _xHistory. |
|
| 650 | 1 |
_aAfrican Americans _vBiography. |
|
| 700 | 1 |
_aHu, Ying-Hwa _eillustrator |
|
| 700 | 1 |
_aVan Wright, Cornelius _eillustrator |
|
| 906 |
_a7 _bcbc _corignew _d1 _eocip _f20 _gy-gencatlg |
||
| 942 |
_2ddc _cBK _n0 |
||
| 999 |
_c3549 _d3549 |
||